<?xml version="1.0" encoding="UTF-8"?>
<record
    xmlns:xsi="http://www.w3.org/2001/XMLSchema-instance"
    xsi:schemaLocation="http://www.loc.gov/MARC21/slim http://www.loc.gov/standards/marcxml/schema/MARC21slim.xsd"
    xmlns="http://www.loc.gov/MARC21/slim">

  <leader>00865nam a22001577a 4500</leader>
  <controlfield tag="003">OSt</controlfield>
  <controlfield tag="005">20151106150243.0</controlfield>
  <controlfield tag="008">151106b        xxu||||| |||| 00| 0 eng d</controlfield>
  <datafield tag="040" ind1=" " ind2=" ">
    <subfield code="c">RUA </subfield>
  </datafield>
  <datafield tag="082" ind1=" " ind2=" ">
    <subfield code="a">FOR HUO 2001 B127 Or.1</subfield>
  </datafield>
  <datafield tag="100" ind1=" " ind2=" ">
    <subfield code="9">3455</subfield>
    <subfield code="a">HUON SOKNYMPH</subfield>
  </datafield>
  <datafield tag="245" ind1=" " ind2=" ">
    <subfield code="a">Techniques of grafting bet ween forest trees and local fruit-trees at future site of chamcar beirural enterprise center, kep city, &#x1794;&#x1785;&#x17D2;&#x1785;&#x17C1;&#x1780;&#x1791;&#x17C1;&#x179F;&#x1794;&#x1784;&#x17D2;&#x1780;&#x17B6;&#x178F;&#x17CB;&#x179A;&#x17BB;&#x1780;&#x17D2;&#x1781;&#x1787;&#x17B6;&#x178F;&#x17B7;&#x178A;&#x17C4;&#x1799;&#x179F;&#x17C1;&#x179A;&#x17B8;&#x179A;&#x17C7;&#x179A;&#x179C;&#x17B6;&#x1784;&#x1788;&#x17BE;&#x1796;&#x17D2;&#x179A;&#x17C3;&#x200B; &#x1793;&#x17B7;&#x1784;&#x1788;&#x17BE;&#x17A0;&#x17BC;&#x1794;&#x1795;&#x17D2;&#x179B;&#x17C2;&#x1780;&#x17D2;&#x1793;&#x17BB;&#x1784;&#x179F;&#x17D2;&#x179A;&#x17BB;&#x1780; &#x1793;&#x17C5;&#x1798;&#x1787;&#x17D2;&#x1788;&#x178A;&#x17D2;&#x178B;&#x17B6;&#x1793; &#x17A2;&#x1793;&#x17B6;&#x1782;&#x178F;&#x1793;&#x17C3;&#x1798;&#x1787;&#x17D2;&#x1788;&#x1798;&#x178E;&#x17D2;&#x178C;&#x179B;&#x17A2;&#x1795;&#x17B7;&#x179C;&#x178C;&#x17D2;&#x178D;&#x1793;&#x17CD;&#x1787;&#x1793;&#x1794;&#x1791;&#x1785;&#x17C6;&#x1780;&#x17B6;&#x179A;&#x1794;&#x17B8; &#x1780;&#x17D2;&#x179A;&#x17BB;&#x1784;&#x1780;&#x17C2;&#x1794;,</subfield>
  </datafield>
  <datafield tag="260" ind1=" " ind2=" ">
    <subfield code="a">Phnom Penh </subfield>
    <subfield code="b">RUA </subfield>
    <subfield code="c">2001</subfield>
  </datafield>
  <datafield tag="300" ind1=" " ind2=" ">
    <subfield code="a">58p.</subfield>
    <subfield code="b">ill.</subfield>
    <subfield code="c">29cm.</subfield>
  </datafield>
  <datafield tag="942" ind1=" " ind2=" ">
    <subfield code="2">ddc</subfield>
    <subfield code="c">FOR</subfield>
  </datafield>
  <datafield tag="999" ind1=" " ind2=" ">
    <subfield code="c">3225</subfield>
    <subfield code="d">3225</subfield>
  </datafield>
  <datafield tag="952" ind1=" " ind2=" ">
    <subfield code="0">0</subfield>
    <subfield code="1">0</subfield>
    <subfield code="2">ddc</subfield>
    <subfield code="4">0</subfield>
    <subfield code="6">FOR_HUO_2001_000000000000000_B127_OR_1</subfield>
    <subfield code="7">0</subfield>
    <subfield code="9">15125</subfield>
    <subfield code="a">LBB</subfield>
    <subfield code="b">LBB</subfield>
    <subfield code="c">B127</subfield>
    <subfield code="d">2015-11-06</subfield>
    <subfield code="o">FOR HUO 2001 B127 Or.1</subfield>
    <subfield code="p">RUA017318</subfield>
    <subfield code="r">2015-11-06</subfield>
    <subfield code="w">2015-11-06</subfield>
    <subfield code="y">FOR</subfield>
  </datafield>
  <datafield tag="952" ind1=" " ind2=" ">
    <subfield code="0">0</subfield>
    <subfield code="1">0</subfield>
    <subfield code="2">ddc</subfield>
    <subfield code="4">0</subfield>
    <subfield code="6">FOR_HUO_2001_000000000000000_B127_OR_2</subfield>
    <subfield code="7">0</subfield>
    <subfield code="9">15126</subfield>
    <subfield code="a">LBB</subfield>
    <subfield code="b">LBB</subfield>
    <subfield code="c">B127</subfield>
    <subfield code="d">2015-11-06</subfield>
    <subfield code="o">FOR HUO 2001 B127 Or.2</subfield>
    <subfield code="p">RUA030449</subfield>
    <subfield code="r">2015-11-06</subfield>
    <subfield code="w">2015-11-06</subfield>
    <subfield code="y">FOR</subfield>
  </datafield>
  <datafield tag="952" ind1=" " ind2=" ">
    <subfield code="0">0</subfield>
    <subfield code="1">0</subfield>
    <subfield code="2">ddc</subfield>
    <subfield code="4">0</subfield>
    <subfield code="6">FOR_HUO_2001_000000000000000_B127_OR_3</subfield>
    <subfield code="7">0</subfield>
    <subfield code="9">15127</subfield>
    <subfield code="a">LBB</subfield>
    <subfield code="b">LBB</subfield>
    <subfield code="c">B127</subfield>
    <subfield code="d">2015-11-06</subfield>
    <subfield code="o">FOR HUO 2001 B127 Or.3</subfield>
    <subfield code="p">RUA030777</subfield>
    <subfield code="r">2015-11-06</subfield>
    <subfield code="w">2015-11-06</subfield>
    <subfield code="y">FOR</subfield>
  </datafield>
  <datafield tag="952" ind1=" " ind2=" ">
    <subfield code="0">0</subfield>
    <subfield code="1">0</subfield>
    <subfield code="2">ddc</subfield>
    <subfield code="4">0</subfield>
    <subfield code="6">FOR_HUO_2001_000000000000000_B127_OR_4</subfield>
    <subfield code="7">0</subfield>
    <subfield code="9">15128</subfield>
    <subfield code="a">LBB</subfield>
    <subfield code="b">LBB</subfield>
    <subfield code="c">B127</subfield>
    <subfield code="d">2015-11-06</subfield>
    <subfield code="o">FOR HUO 2001 B127 Or.4</subfield>
    <subfield code="p">RUA030437</subfield>
    <subfield code="r">2015-11-06</subfield>
    <subfield code="w">2015-11-06</subfield>
    <subfield code="y">FOR</subfield>
  </datafield>
  <datafield tag="952" ind1=" " ind2=" ">
    <subfield code="0">0</subfield>
    <subfield code="1">0</subfield>
    <subfield code="2">ddc</subfield>
    <subfield code="4">0</subfield>
    <subfield code="6">FOR_HUO_2001_000000000000000_B127_OR_5</subfield>
    <subfield code="7">0</subfield>
    <subfield code="9">15153</subfield>
    <subfield code="a">LBB</subfield>
    <subfield code="b">LBB</subfield>
    <subfield code="d">2015-11-06</subfield>
    <subfield code="o">FOR HUO 2001 B127 Or.5</subfield>
    <subfield code="p">RUA031650</subfield>
    <subfield code="r">2015-11-06</subfield>
    <subfield code="w">2015-11-06</subfield>
    <subfield code="y">FOR</subfield>
  </datafield>
  <datafield tag="952" ind1=" " ind2=" ">
    <subfield code="0">0</subfield>
    <subfield code="1">0</subfield>
    <subfield code="2">ddc</subfield>
    <subfield code="4">0</subfield>
    <subfield code="6">FOR_HUO_2001_000000000000000_B127_OR_6</subfield>
    <subfield code="7">0</subfield>
    <subfield code="9">15154</subfield>
    <subfield code="a">LBB</subfield>
    <subfield code="b">LBB</subfield>
    <subfield code="d">2015-11-06</subfield>
    <subfield code="o">FOR HUO 2001 B127 Or.6</subfield>
    <subfield code="p">RUA031050</subfield>
    <subfield code="r">2015-11-06</subfield>
    <subfield code="w">2015-11-06</subfield>
    <subfield code="y">FOR</subfield>
  </datafield>
  <datafield tag="952" ind1=" " ind2=" ">
    <subfield code="0">0</subfield>
    <subfield code="1">0</subfield>
    <subfield code="2">ddc</subfield>
    <subfield code="4">0</subfield>
    <subfield code="6">FOR_HUO_2001_000000000000000_B127_OR_7</subfield>
    <subfield code="7">0</subfield>
    <subfield code="9">15155</subfield>
    <subfield code="a">LBB</subfield>
    <subfield code="b">LBB</subfield>
    <subfield code="d">2015-11-06</subfield>
    <subfield code="o">FOR HUO 2001 B127 Or.7</subfield>
    <subfield code="p">RUA031688</subfield>
    <subfield code="r">2015-11-06</subfield>
    <subfield code="w">2015-11-06</subfield>
    <subfield code="y">FOR</subfield>
  </datafield>
  <datafield tag="952" ind1=" " ind2=" ">
    <subfield code="0">0</subfield>
    <subfield code="1">0</subfield>
    <subfield code="2">ddc</subfield>
    <subfield code="4">0</subfield>
    <subfield code="6">FOR_HUO_2001_000000000000000_B127_OR_8</subfield>
    <subfield code="7">0</subfield>
    <subfield code="9">15156</subfield>
    <subfield code="a">LBB</subfield>
    <subfield code="b">LBB</subfield>
    <subfield code="d">2015-11-06</subfield>
    <subfield code="o">FOR HUO 2001 B127 Or.8</subfield>
    <subfield code="p">RUA031507</subfield>
    <subfield code="r">2015-11-06</subfield>
    <subfield code="w">2015-11-06</subfield>
    <subfield code="y">FOR</subfield>
  </datafield>
</record>
